000 01443cam a2200265Ii 4500
005 20151020122729.0
008 15 s2014 xxuaf frb 001 0beng d
020 _a0231162596
020 _a9780231162593
035 _a(OCoLC)880565913
040 _aCo-BoUCM
_bspa
_cLuz Cupitra
_dLuz Cupitra
041 0 _aeng
100 1 _aFriedman, Lawrence Jacob
_d1940-
_972580
245 1 4 _aThe Lives of Erich Fromm
_blove's prophet
_cLawrence J. Friedman with assistance from Anke M. Schreiber
260 _aNew York (Estados Unidos)
_bColumbia University Press
_c2014
300 _axxxv, 410 páginas
_billustrations, láminas
504 _aIncluye referencias bibliográficas e índices
505 0 _aAcknowledgments -- Prologue: writing lives -- Germany -- The unsteady apprentice -- Frankfurt scholar -- The Americas -- The Americanization of a European intellectual -- Escape from freedom -- Clinician and ethicist -- To love and to mentor -- Politics and prose -- Global citizenship -- Prophecies for a troubled world -- A third way -- "Life is extravagance": almost -- Hope and stasis -- Love and death -- A bibliographical note -- Notes --Index.
600 1 _aFromm, Erich
_d1900-1980
_952577
650 7 _aPsicoanalistas
_zAlemania
_zEstados Unidos
_vBiografias
_922788
690 _942902
_aPsicología
700 1 _aSchreiber, Anke M.
_972581
942 _2DEWEY
_a9
_cLIBRO
_e1
_h150.1957
_mF911li
999 _c301379
_d301379